000 01425cam a2200265 i 4500
003 SA-RiAUC
005 20250911124257.0
008 250910q19001999ts g 00000 ara c
040 _aSA-JeALM
_bara
_cSA-RiAUC
_erda
082 0 4 _a252
090 _a252
_bض ب ع
100 1 _aالضبع، علي محمد عثمان.
_eمعد.
245 1 0 _aمختصر في فقه العبادات على مذهب إمام دار الهجرة مالك بن أنس الأصبحي رضي الله عنه 93-179 هـ. /
_cاعداد علي محمد عثمان الضبع، مليجي علي غانم، أحمدنا ولد محمد مالك ؛ تقديم عيسى بن عبد الله بن مانع الحميري.
246 3 0 _aمذهب إمام دار الهجرة مالك بن أنس الأصبحي رضي الله عنه
264 1 _aدبي، الإمارات :
_bدائرة الأوقاف والشؤون الإسلامية،
_c[بين 1900 و1999]
300 _a113 صفحة ؛
_c24 سم
336 _aنص
_btxt
_2rdacontent
_3كتاب
337 _aبدون وسيط
_bn
_2rdamedia
650 7 _aالفقه المالكي
_2aucsh
700 1 _aغانم، مليجي علي.
_eمعد.
700 1 _aالحميري، عيسى بن عبد الله بن محمد بن مانع،
_d1954-
_eمقدم.
700 _aمالك، احمدنا ولد محمد
_eمعد.
942 _2ddc
_cBOOK
_n0
949 _aSA-JeALM
_d250910
_uosman123
_n1
999 _c11631
_d11631